[Event "European Club Cup 2006"]
[Site "Fuegen AUT"]
[Date "2006.10.09"]
[Round "2.144"]
[White "Lehtivaara, Petri"]
[Black "Fejzullahu, Afrim"]
[Result "1-0"]
[WhiteElo "2381"]
[BlackElo "2305"]
[PlyCount "75"]
[EventDate "2006.10.08"]
[EventType "team"]
[EventRounds "7"]
[EventCountry "AUT"]
[Source "lmi"]
[SourceDate "2006.10.08"]

1. d4 Nf6 2. c4 g6 3. Nc3 Bg7 4. e4 d6 5. f3 O-O 6. Be3 e5 7. d5 Nh5 8. Qd2 f5
9. exf5 gxf5 10. O-O-O a5 11. Bd3 Na6 12. Nge2 Bd7 13. Rdg1 Nc5 14. Bc2 Qh4 15.
f4 e4 16. g3 Qe7 17. h3 Nf6 18. Kb1 Rfe8 19. Nd4 c6 20. Bd1 h5 21. g4 fxg4 22.
f5 Kf7 23. hxg4 hxg4 24. Bxg4 Rh8 25. Qe2 Rxh1 26. Rxh1 Rh8 27. Rxh8 Bxh8 28.
Ne6 Nd3 29. Bh5+ Kg8 30. Qg2+ Bg7 31. Be2 cxd5 32. cxd5 Bxe6 33. fxe6 Qc7 34.
Bh6 Ne5 35. Nb5 Qe7 36. Nxd6 Nfg4 37. Bxg7 Qxg7 38. Bxg4 1-0

[Event "European Club Cup 2006"]
[Site "Fuegen AUT"]
[Date "2006.10.09"]
[Round "2.145"]
[White "Idrizaj, Abedin"]
[Black "Hentunen, Asko"]
[Result "0-1"]
[WhiteElo "2249"]
[BlackElo "2336"]
[PlyCount "92"]
[EventDate "2006.10.08"]
[EventType "team"]
[EventRounds "7"]
[EventCountry "AUT"]
[Source "lmi"]
[SourceDate "2006.10.08"]

1. e4 c5 2. Nf3 g6 3. d4 Bg7 4. Nc3 Qa5 5. Be2 Nc6 6. Be3 Nf6 7. Qd2 cxd4 8.
Nxd4 Nxe4 9. Nxc6 Qxc3 10. bxc3 Nxd2 11. Bxd2 bxc6 12. Rb1 d6 13. O-O Kd7 14.
Rb3 f5 15. Rfb1 e5 16. Rb7+ Bxb7 17. Rxb7+ Ke6 18. Rxg7 Rab8 19. Bc4+ d5 20.
Bb3 c5 21. h4 c4 22. Ba4 Rb1+ 23. Kh2 f4 24. Rxa7 Rd1 25. Ra6+ Ke7 26. Ra7+ Kd6
27. Ra6+ Kc7 28. Rc6+ Kb7 29. Bxf4 exf4 30. Rf6 Rd2 31. Bc6+ Kc7 32. a4 Rd8 33.
Bb5 Rxc2 34. Rc6+ Kb8 35. a5 Rb2 36. Rb6+ Ka7 37. Ra6+ Kb7 38. Rb6+ Kc7 39.
Rc6+ Kd7 40. Ba4 Ke7 41. Rc7+ Kd6 42. Rxh7 Rxf2 43. Bd1 d4 44. cxd4 c3 45. Rg7
c2 46. Rxg6+ Kd5 0-1

[Event "European Club Cup 2006"]
[Site "Fuegen AUT"]
[Date "2006.10.09"]
[Round "2.147"]
[White "Arben, Avdiu"]
[Black "Nieminen, Kari"]
[Result "1-0"]
[WhiteElo "2000"]
[BlackElo "2197"]
[PlyCount "111"]
[EventDate "2006.10.08"]
[EventType "team"]
[EventRounds "7"]
[EventCountry "AUT"]
[Source "lmi"]
[SourceDate "2006.10.08"]

1. e4 c5 2. Nf3 d6 3. d4 cxd4 4. Nxd4 Nf6 5. Nc3 Nc6 6. Bg5 e6 7. Qd2 Be7 8.
O-O-O Qb6 9. Be3 Ng4 10. Nxc6 Nxe3 11. Nxe7 Nxd1 12. Na4 Qxf2 13. Qxd6 Qe3+ 14.
Kxd1 Qg5 15. Nxc8 Rxc8 16. Bd3 a6 17. g3 h5 18. Qf4 Qa5 19. Nc3 f6 20. Re1 Qe5
21. Qxe5 fxe5 22. h4 Rf8 23. Ke2 Ke7 24. a4 Rf6 25. Rf1 Rcf8 26. Rxf6 Kxf6 27.
Kf3 g5 28. hxg5+ Kxg5+ 29. Kg2 h4 30. gxh4+ Kxh4 31. a5 Kg4 32. Na4 Kf4 33. Kf2
Rh8 34. Nc5 Rh2+ 35. Kg1 Rh7 36. Nxe6+ Ke3 37. Nc5 Kd4 38. Ne6+ Ke3 39. Kg2 Re7
40. Nc5 Kd4 41. Nb3+ Ke3 42. Kg3 Rg7+ 43. Kh4 Kf4 44. Kh5 Rc7 45. Nd2 Rc6 46.
Nc4 Re6 47. Nb6 Ke3 48. Kg5 Kd4 49. Bc4 Rc6 50. c3+ Kc5 51. Bd5 Rc7 52. Kf6 Rh7
53. Kxe5 Kb5 54. Nc4 Kc5 55. b4+ Kb5 56. Nd6+ 1-0

[Event "European Club Cup 2006"]
[Site "Fuegen AUT"]
[Date "2006.10.09"]
[Round "2.149"]
[White "Mehmeti, Dritan"]
[Black "Wirig, Anthony"]
[Result "1-0"]
[WhiteElo "2396"]
[BlackElo "2439"]
[PlyCount "181"]
[EventDate "2006.10.08"]
[EventType "team"]
[EventRounds "7"]
[EventCountry "AUT"]
[Source "lmi"]
[SourceDate "2006.10.08"]

1. d4 d5 2. Bg5 h6 3. Bh4 c6 4. Nf3 Qb6 5. Qc1 g5 6. Bg3 g4 7. Ne5 Qxd4 8. c4
Nd7 9. e3 Qb6 10. cxd5 Bg7 11. Nd3 cxd5 12. Nc3 Ngf6 13. a4 O-O 14. a5 Qd8 15.
Be2 Nb8 16. O-O Bf5 17. Rd1 Na6 18. Rd2 e6 19. Qd1 h5 20. Be5 Ne8 21. e4 Bxe4
22. Nxe4 dxe4 23. Nc5 Qg5 24. Bxg7 Nxg7 25. Bxa6 Qxc5 26. Bxb7 e3 27. fxe3
Qxe3+ 28. Kh1 Rab8 29. a6 Qb6 30. Qg1 Qxg1+ 31. Kxg1 Rfd8 32. Rad1 Rxd2 33.
Rxd2 Ne8 34. b4 Nc7 35. Rc2 Nxa6 36. Bxa6 Rxb4 37. Rc5 h4 38. Rh5 h3 39. gxh3
gxh3 40. Rxh3 Ra4 41. Rg3+ Kf8 42. Bb5 Ra5 43. Be2 Re5 44. Kf2 Rf5+ 45. Ke3
Re5+ 46. Kf3 Rf5+ 47. Kg2 Re5 48. Bf3 a5 49. h4 f6 50. Rg4 Kf7 51. Kg3 Rb5 52.
Rc4 f5 53. Rc7+ Kf6 54. Rc6 Rb3 55. Ra6 Ra3 56. h5 Ra1 57. h6 Rg1+ 58. Bg2 Rd1
59. h7 Kg7 60. Rxe6 Kxh7 61. Kf4 Kg7 62. Kxf5 a4 63. Re7+ Kf8 64. Ra7 a3 65.
Rxa3 Ke7 66. Ke5 Kd8 67. Bf3 Rd7 68. Bg4 Re7+ 69. Be6 Rb7 70. Rc3 Ke7 71. Bd5
Rb6 72. Rh3 Ra6 73. Rh7+ Kd8 74. Bb7 Rb6 75. Kd5 Rg6 76. Bc6 Rg5+ 77. Kd6 Rg6+
78. Kc5 Rg5+ 79. Kb6 Rg1 {[79. Rg6] [79. Rg8]} 80. Rd7+ Kc8 81. Rd2 {[81. Rd6]}
Rg6 82. Re2 Rd6 83. Re7 Rd1 84. Kc5 Kd8 85. Rh7 Kc8 86. Bb7+ Kb8 87. Bd5 Rc1+ {
[87. Rf1]} 88. Kd6 Rc2 89. Rb7+ Kc8 90. Ra7 Rb2 91. Rh7 1-0

[Event "European Club Cup 2006"]
[Site "Fuegen AUT"]
[Date "2006.10.09"]
[Round "2.155"]
[White "Jones, Richard S"]
[Black "Sahl, Bjarke"]
[Result "0-1"]
[WhiteElo "2354"]
[BlackElo "2389"]
[PlyCount "96"]
[EventDate "2006.10.08"]
[EventType "team"]
[EventRounds "7"]
[EventCountry "AUT"]
[Source "lmi"]
[SourceDate "2006.10.08"]

1. e4 c5 2. Nf3 d6 3. d4 cxd4 4. Nxd4 Nf6 5. Nc3 a6 6. Bc4 e6 7. Bb3 b5 8. Bg5
Be7 9. Qf3 Qc7 10. O-O-O O-O 11. e5 Bb7 12. exf6 Bxf3 13. fxe7 Re8 14. gxf3 h6
15. Bh4 d5 16. Kb1 Nd7 17. Bg3 Qc5 18. Bh4 Qc7 19. Rhg1 Kh8 20. Nce2 Qb7 21. f4
Nc5 22. f5 Nxb3 23. axb3 e5 24. f6 exd4 25. fxg7+ Kh7 26. Nf4 Rxe7 27. Bxe7
Qxe7 28. Nxd5 Qd6 29. Rxd4 Rg8 30. Rg3 Rxg7 31. c4 Qe5 32. Rf4 Rxg3 33. hxg3
Kg7 34. Ne3 bxc4 35. bxc4 Qa5 36. b3 Qc3 37. Ka2 Qd2+ 38. Ka3 Qa5+ 39. Kb2 Qd2+
40. Nc2 Qd6 41. b4 Qd3 42. c5 Qb5 43. Kc3 a5 44. Rc4 a4 45. Ne3 Qc6 46. Kb2
Qf6+ 47. Ka2 Qxf2+ 48. Nc2 Qf3 0-1

[Event "European Club Cup 2006"]
[Site "Fuegen AUT"]
[Date "2006.10.09"]
[Round "2.157"]
[White "Saunders, Robert"]
[Black "Aulin Jansson, Joran"]
[Result "0-1"]
[WhiteElo "2124"]
[BlackElo "2221"]
[PlyCount "120"]
[EventDate "2006.10.08"]
[EventType "team"]
[EventRounds "7"]
[EventCountry "AUT"]
[Source "lmi"]
[SourceDate "2006.10.08"]

1. e4 c5 2. Nc3 a6 3. g3 b5 4. Bg2 Bb7 5. d3 e6 6. Nh3 Nf6 7. O-O d5 8. exd5
Nxd5 9. Bg5 Qd7 10. Nxd5 Bxd5 11. Bxd5 Qxd5 12. Qg4 h5 13. Qe4 Qxe4 14. dxe4
Nc6 15. Rad1 Be7 16. Be3 g6 17. Kg2 Ne5 18. Ng1 h4 19. f3 hxg3 20. hxg3 g5 21.
g4 f6 22. Ne2 O-O 23. Bc1 Rac8 24. Rh1 Rfd8 25. Be3 b4 26. Ra1 a5 27. Rad1 a4
28. Bc1 Rb8 29. b3 Ra8 30. Rxd8+ Rxd8 31. Be3 Ra8 32. Rd1 axb3 33. axb3 Ra2 34.
Rd2 c4 35. Nc1 Rb2 36. Bd4 c3 37. Re2 Nc6 38. Be3 Bd6 39. Nd3 Ra2 40. Kf2 Kf7
41. Bb6 Ra1 42. Re1 Ra6 43. Be3 Ra2 44. Re2 Ke7 45. Bb6 Ra1 46. Re1 Ra6 47. Be3
Ra2 48. Re2 Kd7 49. Bb6 Ra1 50. Re1 Ra6 51. Nc5+ Bxc5+ 52. Bxc5 Ra2 53. Re2 e5
54. Ke3 Ra5 55. Bf8 Ra1 56. Bc5 Rd1 57. Rh2 Kc8 58. Rh6 Rd2 59. Rxf6 Nd4 60. f4
gxf4+ 0-1

[Event "European Club Cup 2006"]
[Site "Fuegen AUT"]
[Date "2006.10.10"]
[Round "3.6"]
[White "Efimenko, Zahar"]
[Black "Gelfand, Boris"]
[Result "1/2-1/2"]
[WhiteElo "2612"]
[BlackElo "2733"]
[PlyCount "45"]
[EventDate "2006.10.08"]
[EventType "team"]
[EventRounds "7"]
[EventCountry "AUT"]
[Source "lmi"]
[SourceDate "2006.10.08"]

1. e4 c5 2. Nf3 d6 3. d4 cxd4 4. Nxd4 Nf6 5. Nc3 a6 6. Be2 e5 7. Nb3 Be7 8. O-O
O-O 9. Bf3 b6 10. a4 Bb7 11. Re1 Nbd7 12. Nd2 Rc8 13. Nf1 Re8 14. Bg5 h6 15.
Be3 Bf8 16. Ng3 g6 17. Qd2 Kh7 18. Red1 Nc5 19. h3 h5 20. Bg5 Ne6 21. Be3 Nc5
22. Bg5 Ne6 23. Be3 1/2-1/2

[Event "European Club Cup 2006"]
[Site "Fuegen AUT"]
[Date "2006.10.10"]
[Round "3.11"]
[White "Korotylev, Alexey"]
[Black "Fish, Gennadij"]
[Result "1/2-1/2"]
[WhiteElo "2613"]
[BlackElo "2529"]
[PlyCount "57"]
[EventDate "2006.10.08"]
[EventType "team"]
[EventRounds "7"]
[EventCountry "AUT"]
[Source "lmi"]
[SourceDate "2006.10.08"]

1. d4 d5 2. c4 e6 3. Nc3 c5 4. cxd5 exd5 5. Nf3 Nc6 6. g3 Nf6 7. Bg2 Be7 8. O-O
O-O 9. Bg5 c4 10. Ne5 Be6 11. b3 h6 12. Bf4 Qa5 13. Nxc6 bxc6 14. Qc2 Qb4 15.
Rfd1 Rac8 16. Na4 cxb3 17. axb3 Ne4 18. Rac1 Rfd8 19. f3 Nd6 20. Nc5 Bf5 21.
Qd2 Qxd2 22. Bxd2 Rb8 23. e3 Nb5 24. Bf1 Na3 25. b4 Bc2 26. Re1 Bxc5 27. bxc5
Rb3 28. Bh3 Bd3 29. Ba5 1/2-1/2

[Event "European Club Cup 2006"]
[Site "Fuegen AUT"]
[Date "2006.10.10"]
[Round "3.16"]
[White "Smirnov, Pavel"]
[Black "Stanojoski, Zvonko"]
[Result "1-0"]
[WhiteElo "2623"]
[BlackElo "2488"]
[PlyCount "97"]
[EventDate "2006.10.08"]
[EventType "team"]
[EventRounds "7"]
[EventCountry "AUT"]
[Source "lmi"]
[SourceDate "2006.10.08"]

1. e4 c5 2. Nf3 Nc6 3. d4 cxd4 4. Nxd4 g6 5. Nc3 Bg7 6. Be3 Nf6 7. Bc4 O-O 8.
Bb3 d6 9. f3 Bd7 10. h4 Nxd4 11. Bxd4 a5 12. a4 Be6 13. Nd5 Bxd5 14. exd5 Nd7
15. Bxg7 Kxg7 16. h5 Qb6 17. Qd2 Kg8 18. O-O-O Nc5 19. Qh6 Nxb3+ 20. Kb1 g5 21.
Qxg5+ Kh8 22. Qxe7 h6 23. Qf6+ Kh7 24. Rh4 Rg8 25. Qxf7+ Rg7 26. Qf5+ Kh8 27.
cxb3 Qxb3 28. Rd3 Qb6 29. Rg4 Rxg4 30. fxg4 Rg8 31. Qf4 Kh7 32. Re3 Qd8 33. Re6
Qg5 34. Qxg5 Rxg5 35. Rxd6 Rxg4 36. Rd7+ Kg8 37. Rxb7 Kf8 38. d6 Ke8 39. b3
Rxg2 40. Re7+ Kd8 41. Rh7 Rh2 42. Rxh6 Kd7 43. b4 Rh4 44. bxa5 Rxa4 45. Rh7+
Kxd6 46. a6 Ke5 47. a7 Kf6 48. Kb2 Kg5 49. Kb3 1-0

[Event "European Club Cup 2006"]
[Site "Fuegen AUT"]
[Date "2006.10.10"]
[Round "3.17"]
[White "Jacimovic, Dragoljub"]
[Black "Nepomniachtchi, Ian"]
[Result "0-1"]
[WhiteElo "2427"]
[BlackElo "2545"]
[PlyCount "98"]
[EventDate "2006.10.08"]
[EventType "team"]
[EventRounds "7"]
[EventCountry "AUT"]
[Source "lmi"]
[SourceDate "2006.10.08"]

1. d4 Nf6 2. Nf3 g6 3. c4 Bg7 4. Nc3 d5 5. e3 O-O 6. Qb3 e6 7. Bd2 b6 8. cxd5
exd5 9. Ne5 Be6 10. Be2 Nfd7 11. Nxd7 Qxd7 12. Qa4 c5 13. Qxd7 Nxd7 14. O-O-O
cxd4 15. exd4 Bxd4 16. Bh6 Bg7 17. Bxg7 Kxg7 18. Nxd5 Rac8+ 19. Kb1 Nc5 20. Bf3
Bf5+ 21. Ka1 Rfe8 22. Nc3 Re7 23. Rhe1 Rce8 24. Rxe7 Rxe7 25. Nd5 Re8 26. Ne3
Be4 27. b4 Nd3 28. Bxe4 Nxf2 29. Bc6 Rxe3 30. Rd4 Nd3 31. Kb1 Ne5 32. Bb7 Rd3
33. Re4 Kf6 34. b5 Ke6 35. Ra4 Kd6 36. Rxa7 Kc5 37. Ra8 Rd2 38. Kc1 Rf2 39. a4
Kb4 40. a5 bxa5 41. b6 Nc4 42. Bf3 Nxb6 43. Rb8 Kb5 44. Rb7 f5 45. Rxh7 a4 46.
Ra7 Nc4 47. h4 a3 48. h5 a2 49. Bd5 gxh5 0-1

[Event "European Club Cup 2006"]
[Site "Fuegen AUT"]
[Date "2006.10.10"]
[Round "3.19"]
[White "Volokitin, Andrei"]
[Black "Zhang, Pengxiang"]
[Result "0-1"]
[WhiteElo "2645"]
[BlackElo "2636"]
[PlyCount "46"]
[EventDate "2006.10.08"]
[EventType "team"]
[EventRounds "7"]
[EventCountry "AUT"]
[Source "lmi"]
[SourceDate "2006.10.08"]

1. e4 e6 2. d4 d5 3. Nc3 Bb4 4. e5 c5 5. a3 Bxc3+ 6. bxc3 Qa5 7. Bd2 Qa4 8. h4
Nc6 9. h5 Nge7 10. h6 gxh6 11. Nf3 cxd4 12. cxd4 Nxd4 13. Bd3 Bd7 14. Bb4 Ndc6
15. Rh4 Ng6 16. Bxg6 hxg6 17. Bd2 Qa6 18. Bg5 Rc8 19. Bf6 Rg8 20. Rxh6 Na5 21.
Ng5 Qc4 22. Qd2 Bb5 23. Rh7 Qf1# 0-1

[Event "European Club Cup 2006"]
[Site "Fuegen AUT"]
[Date "2006.10.10"]
[Round "3.21"]
[White "Volkov, Sergey"]
[Black "Hamdouchi, Hichem"]
[Result "1/2-1/2"]
[WhiteElo "2628"]
[BlackElo "2582"]
[PlyCount "73"]
[EventDate "2006.10.08"]
[EventType "team"]
[EventRounds "7"]
[EventCountry "AUT"]
[Source "lmi"]
[SourceDate "2006.10.08"]

1. d4 d5 2. c4 c6 3. Nf3 Nf6 4. e3 e6 5. Nbd2 Nbd7 6. Bd3 Bd6 7. O-O O-O 8. e4
e5 9. cxd5 cxd5 10. exd5 exd4 11. Ne4 Nxe4 12. Bxe4 Nf6 13. Bg5 Be7 14. Bxf6
Bxf6 15. Nxd4 Qb6 16. Nb3 Bd7 17. Rc1 Ba4 18. Re1 g6 19. Re2 Rfe8 20. Qc2 Kg7
21. g3 Re7 22. Bf3 Rxe2 23. Bxe2 Bd4 24. Rf1 Bxb3 25. axb3 Rd8 26. Bf3 Qf6 27.
Kg2 Rd6 28. Rb1 h5 29. h4 a6 30. Qd2 Rb6 31. Rd1 Be5 32. Qc2 Bxb2 33. d6 Bd4
34. d7 Rd6 35. Qc8 Qe7 36. Bxb7 Rxd7 37. Bf3 1/2-1/2

[Event "European Club Cup 2006"]
[Site "Fuegen AUT"]
[Date "2006.10.10"]
[Round "3.23"]
[White "Kiriakov, Petr"]
[Black "Andres Gonzalez, Alberto"]
[Result "1-0"]
[WhiteElo "2554"]
[BlackElo "2426"]
[PlyCount "119"]
[EventDate "2006.10.08"]
[EventType "team"]
[EventRounds "7"]
[EventCountry "AUT"]
[Source "lmi"]
[SourceDate "2006.10.08"]

1. d4 Nf6 2. c4 e6 3. Nc3 Bb4 4. Qc2 O-O 5. a3 Bxc3+ 6. Qxc3 b5 7. cxb5 c6 8.
Nf3 cxb5 9. Bg5 Bb7 10. e3 a6 11. Be2 Nc6 12. O-O Rc8 13. Qd3 h6 14. Bxf6 gxf6
15. e4 Ne7 16. Qe3 Kg7 17. Bd3 Qb6 18. h4 d6 19. Rfe1 h5 20. Rad1 Ng6 21. g3 b4
22. Qd2 a5 23. axb4 axb4 24. Bb1 Rfd8 25. Re3 Rb8 26. Kh2 Bc8 27. Ne1 Bd7 28.
Ng2 Ba4 29. Rde1 Rdc8 30. b3 Bd7 31. f4 Qa5 32. Rf1 Nf8 33. f5 e5 34. Rg1 Rc3
35. Qd1 Qb6 36. dxe5 dxe5 37. Rge1 Ra8 38. Qxh5 Ra1 39. Qg4+ Kh7 40. Qh5+ Kg7
41. Qg4+ Kh8 42. Qf3 Qc5 43. Rd1 Bc6 44. Bd3 Rxd1 45. Qxd1 Qd4 46. Qh5+ Kg7 47.
Bc4 Rxc4 48. bxc4 Nd7 49. Qg4+ Kh7 50. h5 Qd6 51. h6 Qf8 52. Rb3 Qxh6+ 53. Qh4
Bxe4 54. Ne3 Kg7 55. Qxh6+ Kxh6 56. Rxb4 Kg5 57. c5 Bf3 58. Rc4 Nb8 59. g4 Be2
60. c6 1-0

[Event "European Club Cup 2006"]
[Site "Fuegen AUT"]
[Date "2006.10.10"]
[Round "3.27"]
[White "Khmelniker, Ilya"]
[Black "Khenkin, Igor"]
[Result "1/2-1/2"]
[WhiteElo "2404"]
[BlackElo "2620"]
[PlyCount "128"]
[EventDate "2006.10.08"]
[EventType "team"]
[EventRounds "7"]
[EventCountry "AUT"]
[Source "lmi"]
[SourceDate "2006.10.08"]

1. d4 d5 2. c4 e6 3. Nf3 Nf6 4. Nc3 dxc4 5. e4 Bb4 6. Bg5 c5 7. e5 cxd4 8. Qa4+
Nc6 9. O-O-O Bd7 10. Ne4 Be7 11. exf6 gxf6 12. Bh4 Rc8 13. Kb1 Na5 14. Qc2 e5
15. Nxd4 exd4 16. Rxd4 Qb6 17. Rd5 Be6 18. Qa4+ Nc6 19. Rb5 Qa6 20. Qxa6 bxa6
21. Rb7 Bf5 22. f3 Rg8 23. Bg3 Rg5 24. a4 Nd4 25. Rb8 Bxe4+ 26. fxe4 Rgc5 27.
Rxc8+ Rxc8 28. Bf2 Nb3 29. Bxa7 Bd6 30. Be2 Be5 31. Rd1 Ra8 32. Be3 Rb8 33. Ka2
Nc5 34. Rb1 Nxa4 35. Bxc4 Nxb2 36. Be2 Rb4 37. Bc1 Ra4+ 38. Kb3 Rxe4 39. Bf3
Re1 40. Bc6+ Kd8 41. h3 Nd3 42. Kc2 Nxc1 43. Rxc1 Re3 44. Rd1+ Kc7 45. Bd5 Rc3+
46. Kb1 Rg3 47. Bf3 Rg5 48. Ka2 Bd6 49. Rd5 Re5 50. Kb3 Kd7 51. Kc4 Ke6 52.
Bg4+ Ke7 53. Bf3 Ke6 54. Bg4+ Ke7 55. Bf3 a5 56. Kb5 Bb4 57. Kc4 Kf8 58. Rb5
Kg7 59. Bd5 Re3 60. Rb7 Rc3+ 61. Kd4 Rc1 62. Bxf7 Bc5+ 63. Kd3 f5 64. Bc4+ Kf8
1/2-1/2

[Event "European Club Cup 2006"]
[Site "Fuegen AUT"]
[Date "2006.10.10"]
[Round "3.28"]
[White "Moiseenko, Alexander"]
[Black "Dvoirys, Semen"]
[Result "1-0"]
[WhiteElo "2632"]
[BlackElo "2553"]
[PlyCount "47"]
[EventDate "2006.10.08"]
[EventType "team"]
[EventRounds "7"]
[EventCountry "AUT"]
[Source "lmi"]
[SourceDate "2006.10.08"]

1. d4 Nf6 2. c4 g6 3. Nc3 d5 4. Bg5 Ne4 5. Bh4 Nxc3 6. bxc3 dxc4 7. e3 Qd5 8.
Be2 Qa5 9. Nf3 Qxc3+ 10. Nd2 c6 11. O-O Qa5 12. Nxc4 Qd8 13. Qb3 Bg7 14. Qa3
Bf8 15. d5 cxd5 16. Qc3 f6 17. Nd6+ Qxd6 18. Qxc8+ Kf7 19. Bb5 Bg7 20. Qxb7 Rd8
21. Qxa8 Qb4 22. Rab1 Qxh4 23. Be2 f5 24. g3 1-0

[Event "European Club Cup 2006"]
[Site "Fuegen AUT"]
[Date "2006.10.10"]
[Round "3.29"]
[White "Greenfeld, Alon"]
[Black "Gruenfeld, Yehuda"]
[Result "1-0"]
[WhiteElo "2567"]
[BlackElo "2475"]
[PlyCount "121"]
[EventDate "2006.10.08"]
[EventType "team"]
[EventRounds "7"]
[EventCountry "AUT"]
[Source "lmi"]
[SourceDate "2006.10.08"]

1. d4 Nf6 2. Nf3 e6 3. c4 c5 4. g3 cxd4 5. Nxd4 d5 6. Bg2 e5 7. Nf3 d4 8. O-O
Nc6 9. e3 Be7 10. exd4 exd4 11. Nbd2 O-O 12. a3 a5 13. Nb3 d3 14. Be3 Ng4 15.
Bc5 a4 16. Bxe7 Qxe7 17. Nbd2 Nf6 18. Rc1 Rd8 19. Re1 Qc5 20. h3 h6 21. g4 Be6
22. Rc3 Ra7 23. Qc1 Nd4 24. Nxd4 Rxd4 25. Re3 h5 26. b4 Qd6 27. g5 Nh7 28. g6
Nf6 29. c5 Qd8 30. Qe1 Bf5 31. Re7 Rd7 32. gxf7+ Kf8 33. Re5 Bg6 34. b5 Ra5 35.
c6 bxc6 36. bxc6 Rxf7 37. Rc1 Raa7 38. Rb1 Rfc7 39. Reb5 Re7 40. Qc1 Qd6 41.
Rb7 Ne8 42. Rxa7 Rxa7 43. Rb7 Ra5 44. c7 Bf5 45. c8=Q Bxc8 46. Qxc8 Rc5 47. Qd7
Qxd7 48. Rxd7 Rc3 49. Bf1 Rxa3 50. Rxd3 Ra1 51. Nc4 Nf6 52. Kg2 g5 53. Be2 Kg7
54. Ra3 Rxa3 55. Nxa3 Kh6 56. Bb5 h4 57. f3 Nd5 58. Bxa4 Nf4+ 59. Kh2 Kg6 60.
Bd7 Kf6 61. Nc4 1-0

[Event "European Club Cup 2006"]
[Site "Fuegen AUT"]
[Date "2006.10.10"]
[Round "3.32"]
[White "Heberla, Bartlomiej"]
[Black "Timofeev, Artyom"]
[Result "1/2-1/2"]
[WhiteElo "2569"]
[BlackElo "2662"]
[PlyCount "53"]
[EventDate "2006.10.08"]
[EventType "team"]
[EventRounds "7"]
[EventCountry "AUT"]
[Source "lmi"]
[SourceDate "2006.10.08"]

1. e4 c5 2. Nc3 d6 3. Nf3 Nc6 4. d4 cxd4 5. Nxd4 Nf6 6. Be2 e6 7. Be3 Be7 8.
O-O O-O 9. Kh1 Bd7 10. f4 Nxd4 11. Bxd4 Bc6 12. Bd3 Nd7 13. Qe2 a6 14. Rf3 Bf6
15. Bxf6 Qxf6 16. Raf1 Rae8 17. Rh3 g6 18. Qd2 Nc5 19. b4 Nxd3 20. Rxd3 Rd8 21.
a4 b5 22. axb5 axb5 23. Rd1 Rc8 24. Rxd6 Ba8 25. Nd5 Bxd5 26. exd5 Rc4 27. dxe6
1/2-1/2

[Event "European Club Cup 2006"]
[Site "Fuegen AUT"]
[Date "2006.10.10"]
[Round "3.39"]
[White "David, Alberto"]
[Black "Lutsko, Igor"]
[Result "1/2-1/2"]
[WhiteElo "2534"]
[BlackElo "2489"]
[PlyCount "40"]
[EventDate "2006.10.08"]
[EventType "team"]
[EventRounds "7"]
[EventCountry "AUT"]
[Source "lmi"]
[SourceDate "2006.10.08"]

1. e4 c5 2. Nf3 d6 3. Bc4 Nf6 4. d3 e6 5. Bb3 Nc6 6. c3 Be7 7. O-O O-O 8. Re1
b5 9. Nbd2 Bb7 10. Nf1 Rc8 11. Ng3 b4 12. d4 bxc3 13. bxc3 d5 14. e5 Ne4 15.
Bc2 cxd4 16. cxd4 Nb4 17. Bb3 Nc3 18. Qd2 Ne4 19. Qd1 Nc3 20. Qd2 Ne4 1/2-1/2

[Event "European Club Cup 2006"]
[Site "Fuegen AUT"]
[Date "2006.10.10"]
[Round "3.40"]
[White "Mochalov, Evgeny V"]
[Black "Apicella, Manuel"]
[Result "0-1"]
[WhiteElo "2419"]
[BlackElo "2538"]
[PlyCount "78"]
[EventDate "2006.10.08"]
[EventType "team"]
[EventRounds "7"]
[EventCountry "AUT"]
[Source "lmi"]
[SourceDate "2006.10.08"]

1. Nf3 Nf6 2. c4 g6 3. d4 Bg7 4. g3 O-O 5. Bg2 d6 6. O-O Nbd7 7. Qc2 e5 8. Rd1
Qe7 9. Nc3 Re8 10. e4 exd4 11. Nxd4 c6 12. b3 a5 13. Rb1 Nc5 14. f3 Nfd7 15.
Nce2 h5 16. h3 Nf8 17. a3 Nfe6 18. b4 axb4 19. axb4 Nxd4 20. Nxd4 Ne6 21. Ne2
f5 22. exf5 Nf8 23. f6 Bxf6 24. Nc3 Bf5 25. Ne4 Bxe4 26. fxe4 Be5 27. c5 dxc5
28. bxc5 Ne6 29. Be3 Ra3 30. Rb3 Rea8 31. Rdb1 Bxg3 32. Rxb7 Qf6 33. e5 Bxe5
34. Rf1 Ra1 35. Bc1 Bf4 36. Bb2 Rxf1+ 37. Bxf1 Be3+ 38. Kg2 Qg5+ 39. Kf3 Rf8+
0-1

[Event "European Club Cup 2006"]
[Site "Fuegen AUT"]
[Date "2006.10.10"]
[Round "3.41"]
[White "Ruck, Robert"]
[Black "Bezold, Michael"]
[Result "1/2-1/2"]
[WhiteElo "2526"]
[BlackElo "2535"]
[PlyCount "70"]
[EventDate "2006.10.08"]
[EventType "team"]
[EventRounds "7"]
[EventCountry "AUT"]
[Source "lmi"]
[SourceDate "2006.10.08"]

1. Nf3 g6 2. d4 Bg7 3. e4 d6 4. Bc4 e6 5. Bb3 b6 6. O-O Bb7 7. Re1 Nd7 8. Nbd2
Ne7 9. Nf1 O-O 10. Ng3 h6 11. c3 Kh8 12. h4 Ng8 13. Bd2 Qe7 14. a4 a6 15. Bc4
e5 16. h5 f5 17. dxe5 fxe4 18. exd6 cxd6 19. Bxg8 Kxg8 20. hxg6 Qe6 21. Nd4
Qxg6 22. Qh5 Qxh5 23. Nxh5 Rf7 24. Re3 Kh7 25. Rh3 Bf8 26. Ne6 Nc5 27. Nxf8+
Raxf8 28. Ng3 Rf6 29. Bg5 Rg6 30. Be3 Nd3 31. Bxb6 Nxb2 32. Rb1 Nxa4 33. Bd4
Rf7 34. Nf5 Nc5 35. Nxd6 Rxd6 1/2-1/2

[Event "European Club Cup 2006"]
[Site "Fuegen AUT"]
[Date "2006.10.10"]
[Round "3.42"]
[White "Atlas, Valery"]
[Black "Nijboer, Friso"]
[Result "1/2-1/2"]
[WhiteElo "2482"]
[BlackElo "2641"]
[PlyCount "49"]
[EventDate "2006.10.08"]
[EventType "team"]
[EventRounds "7"]
[EventCountry "AUT"]
[Source "lmi"]
[SourceDate "2006.10.08"]

1. e4 d6 2. d4 Nf6 3. Nc3 g6 4. Be3 c6 5. f3 b5 6. g4 Bg7 7. g5 Nh5 8. Qd2 Nd7
9. Nce2 Nb6 10. Ng3 Nxg3 11. hxg3 Bd7 12. Rh4 f5 13. Qh2 Qc7 14. Rxh7 O-O-O 15.
O-O-O Kb8 16. Rxh8 Rxh8 17. Qd2 fxe4 18. fxe4 Bg4 19. Re1 e5 20. dxe5 Bxe5 21.
Bf4 Na4 22. Bxe5 dxe5 23. Be2 Rd8 24. Qe3 Be6 25. Rd1 1/2-1/2

[Event "European Club Cup 2006"]
[Site "Fuegen AUT"]
[Date "2006.10.10"]
[Round "3.43"]
[White "Goloshchapov, Alexander"]
[Black "Novkovic, Milan"]
[Result "1-0"]
[WhiteElo "2552"]
[BlackElo "2417"]
[PlyCount "85"]
[EventDate "2006.10.08"]
[EventType "team"]
[EventRounds "7"]
[EventCountry "AUT"]
[Source "lmi"]
[SourceDate "2006.10.08"]

1. e4 c5 2. Nf3 d6 3. d4 cxd4 4. Nxd4 Nf6 5. Nc3 a6 6. Be3 e5 7. Nb3 Be6 8. f3
h5 9. Qd2 Nbd7 10. O-O-O Rc8 11. Kb1 Be7 12. g3 Qc7 13. h4 Nb6 14. Qf2 Nbd7 15.
Bh3 b5 16. a3 Rb8 17. Nd5 Bxd5 18. exd5 a5 19. Qd2 Bd8 20. Rhe1 Kf8 21. Bg5 a4
22. Bxd7 Nxd7 23. Bxd8 Rxd8 24. Na5 Rc8 25. Nc6 Nf6 26. Qb4 Kg8 27. Qxb5 Ra8
28. f4 e4 29. Rd4 Kh7 30. Rxa4 Rxa4 31. Qxa4 Re8 32. Qd4 Qd7 33. c4 Qh3 34. Qc3
Ng4 35. Nd4 e3 36. Nf5 f6 37. Nxd6 Rb8 38. Nf5 Re8 39. Nd6 Rb8 40. Nf5 Re8 41.
d6 g6 42. d7 Rd8 43. Nxe3 1-0